000 01072cam a2200337 a 4500
001 4509826
003 ARRUPE
005 20220401091251.0
008 980722s1997 ilua 001 0 eng d
010 _a 98065233
020 _a0844200417
035 _a(OCoLC)39656541
040 _aAzM
_cAzM
_dDLC
042 _alccopycat
050 0 0 _aQA303
_b.A28 1997
082 0 0 _a515
_221
100 1 _aAbbott, Paul
_c(Mathematics teacher)
_951102
245 1 0 _aCalculus /
_cP. Abbott.
246 1 8 _aTeach yourself calculus
250 _aRev. /
_bby Hugh Neill.
260 _aLincolnwood, Ill. :
_bNTC/Contemporary Pub.,
_c1997.
300 _a346 p. :
_bill. ;
_c20 cm.
490 1 _aTeach yourself
500 _aIncludes index.
650 0 _aCalculus.
_98518
700 1 _aNeill, Hugh.
_951103
830 0 _aTeach yourself books (Lincolnwood, Ill.)
_951104
906 _a7
_bcbc
_ccopycat
_d2
_eopcn
_f19
_gy-gencatlg
942 _2lcc
_cMONOGRAPH
999 _c131187
_d131187